000 00523nam a2200181Ia 4500
003 GCL
008 140319s9999 xx 000 0 ara d
040 _aGCL /
_cGCL
082 0 4 _a813.01
_bا ب
100 1 _aابراهيم عبدالحميد
245 1 0 _aالبلده الاخرى: رواية /
_cابراهيم عبدالحميد
300 _a295 ص
490 _aكتاب
_v0
650 0 4 _aالادب العربى
650 0 4 _aالقصص العربية
650 0 4 _aالقصة العربية
942 _2ddc
_cBK
999 _c42908
_d42908